| 000 | 00921nac a22002897a 4500 | ||
|---|---|---|---|
| 001 | BR8202729 | ||
| 003 | BR-BrBNA | ||
| 005 | 20240105115322.0 | ||
| 008 | 230509b bl.|||m| |||| 00| 0 por d | ||
| 040 |
_aBR-BrBNA _bpor _cBiblioteca Nacional de Agricultura |
||
| 072 | _aN20 | ||
| 090 | _a1930 BR8202729 | ||
| 100 | 1 | _aSeixas, J. | |
| 100 | 1 | _aFolle, S.M. | |
| 110 | 1 | _aCentro de Pesquisa Agropecuaria dos Cerrados, Planaltina, DF (Brasil) | |
| 245 | 1 | _aDesenvolvimento de uma semeadeira para gramineas forrageiras | |
| 260 | 3 |
_aPlanaltina, DF (Brasil): _c1982. |
|
| 300 | _a12 p. | ||
| 490 |
_aCircular Tecnica - Centro de Pesquisa Agropecuaria dos Cerrados (Brazil) _vno. 12 _x |
||
| 500 | _a6 illus. | ||
| 650 | _aCAPIM ANDROPOGON | ||
| 650 | _aSEMEADEIRA | ||
| 650 | _aMAQUINA AGRICOLA | ||
| 650 | _aGRAMINEA FORRAGEIRA | ||
| 909 |
_a202312 _bLúcia Elande _c55 _dLúcia Elande |
||
| 942 |
_2AGRIS _n0 _cMS |
||
| 999 |
_c274261 _d274261 |
||